[Event "Ruhrgebiet Verbandsliga Gruppe 2 1617"]
[Site "Germany"]
[Date "2016.12.18"]
[Round "5.7"]
[White "Blank, Stephan"]
[Black "Mittelbachert, Ulrich"]
[Result "1/2-1/2"]
[WhiteElo "1856"]
[BlackElo "1880"]
[PlyCount "132"]
[EventDate "2016.09.04"]
[EventType "team-tourn"]
[EventRounds "9"]
[EventCountry "GER"]
[SourceTitle "EXT 2022"]
[Source "ChessBase"]
[SourceDate "2021.10.06"]
[SourceVersion "1"]
[SourceVersionDate "2021.10.06"]
[SourceQuality "1"]
[WhiteTeam "Essen Werden"]
[BlackTeam "Sodingen/Castrop SK II"]
[WhiteTeamCountry "GER"]
[BlackTeamCountry "GER"]

1. e4 g6 2. Nc3 Bg7 3. f4 c6 4. Bc4 d5 5. exd5 Nf6 6. Nf3 0-0 7. 0-0 cxd5 8. Bb3 Bg4 9. h3 Bxf3 10. Qxf3 e6 11. Ne2 Nc6 12. d4 b5 13. c3 Na5 14. Bc2 Nc4 15. b3 Nd6 16. Ba3 Re8 17. Bxd6 Qxd6 18. Bd3 Qd7 19. a4 a6 20. axb5 axb5 21. c4 Rxa1 22. Rxa1 dxc4 23. bxc4 bxc4 24. Bxc4 Rd8 25. Ra8 h6 26. Kh2 Rxa8 27. Qxa8+ Kh7 28. Qf3 Qc7 29. Bd3 Qd7 30. Bc4 Qa4 31. Qd3 Qa8 32. Ng3 h5 33. Ne2 h4 34. Ng1 Qb8 35. Ne2 Nh5 36. Qe4 Qd6 37. d5 Qa3 38. dxe6 Ng3 39. Qf3 Qa1 40. Nxg3 hxg3+ 41. Qxg3 Bd4 42. h4 Qg1+ 43. Kh3 f5 44. Qh2 Qe1 45. g3 Bc5 46. Qg2 Kh6 47. Be2 Qc3 48. Qf3 Qxf3 49. Bxf3 Be7 50. g4 fxg4+ 51. Kxg4 Bd8 52. Bc6 Kg7 53. h5 gxh5+ 54. Kxh5 Be7 55. Kg4 Kf6 56. Bd5 Bd6 57. Kf3 Bc5 58. Ke4 Bd6 59. Ba2 Ba3 60. f5 Bb4 61. Bb1 Ba3 62. Kd5 Bb4 63. Kc6 Ba3 64. Kd7 Bb4 65. Bc2 Ba3 66. e7 Bxe7 1/2-1/2

[Event "Ruhrgebiet VK3 1213"]
[Site "Nordrheinwestfalen"]
[Date "2012.09.30"]
[Round "2"]
[White "Blank, Stephan"]
[Black "Lenz, Helmut"]
[Result "0-1"]
[WhiteElo "1849"]
[BlackElo "2036"]
[PlyCount "58"]
[EventDate "2012.09.02"]
[EventType "team-tourn"]
[EventRounds "9"]
[EventCountry "GER"]
[SourceTitle "EXT 2020"]
[Source "ChessBase"]
[SourceDate "2019.10.17"]
[SourceVersion "1"]
[SourceVersionDate "2019.10.17"]
[SourceQuality "1"]
[WhiteTeam "Essen Werden"]
[BlackTeam "Eichlinghofen SV II"]
[WhiteTeamCountry "GER"]
[BlackTeamCountry "GER"]

1. e4 d5 2. exd5 Qxd5 3. Nc3 Qd6 4. d4 Nf6 5. Bc4 a6 6. Nge2 b5 7. Bf4 Qc6 8. Bb3 Qxg2 9. Rg1 Qb7 10. Qd3 g6 11. 0-0-0 Bg7 12. Ng3 Nc6 13. Bd5 e6 14. Bf3 Qb6 15. h4 Bb7 16. h5 0-0-0 17. h6 Bf8 18. Be3 Qa5 19. Bxc6 Bxc6 20. Kb1 Ng4 21. Nge2 Nxh6 22. Nc1 Nf5 23. Nb3 Qb4 24. Bg5 Be7 25. Bxe7 Qxe7 26. Rge1 Qb4 27. a4 Qc4 28. Qd2 Bf3 29. Na5 Qb4 0-1

[Event "Ruhrgebiet VK3 0708"]
[Site "Germany"]
[Date "2008.03.09"]
[Round "7.6"]
[White "Blank, Stephan"]
[Black "Budde, Uwe"]
[Result "1/2-1/2"]
[WhiteElo "1796"]
[BlackElo "1856"]
[PlyCount "44"]
[EventDate "2007.09.16"]
[EventType "team-tourn"]
[EventRounds "9"]
[EventCountry "GER"]
[SourceTitle "EXT 2009"]
[Source "ChessBase"]
[SourceDate "2008.11.26"]
[SourceVersion "1"]
[SourceVersionDate "2008.11.26"]
[SourceQuality "1"]
[WhiteTeam "Essen Werden"]
[BlackTeam "Boenen SV"]
[WhiteTeamCountry "GER"]
[BlackTeamCountry "GER"]

1. d4 Nf6 2. c4 d6 3. Nc3 Nbd7 4. Nf3 e5 5. Bg5 Be7 6. e3 c6 7. Qc2 Qa5 8. Bd3 h6 9. Bh4 a6 10. 0-0 0-0 11. a3 Qd8 12. Rad1 Nh5 13. Bg3 Nxg3 14. hxg3 Qc7 15. Nh4 Bxh4 16. gxh4 Nf6 17. dxe5 dxe5 18. Bf5 Qe7 19. Bxc8 Raxc8 20. g3 Qe6 21. Ne4 Nxe4 22. Qxe4 Rcd8 1/2-1/2

[Event "Werden op"]
[Site "Essen"]
[Date "2005.05.20"]
[Round "1"]
[White "Blank, Stephan"]
[Black "Noelle, Volker"]
[Result "1/2-1/2"]
[WhiteElo "1749"]
[BlackElo "1908"]
[PlyCount "43"]
[EventDate "2005.05.20"]
[EventType "swiss"]
[EventRounds "7"]
[EventCountry "GER"]
[SourceTitle "EXT 2007"]
[Source "ChessBase"]
[SourceDate "2006.11.23"]
[SourceVersion "1"]
[SourceVersionDate "2006.11.23"]
[SourceQuality "1"]

1. b3 Nf6 2. Bb2 g6 3. c4 c5 4. e4 d6 5. Be2 Nc6 6. Nf3 Bg7 7. 0-0 0-0 8. d3 b6 9. Na3 Bb7 10. Nc2 Qc7 11. Rb1 Rad8 12. Ne3 e6 13. h3 Ne7 14. Qc2 e5 15. Nh2 Bc8 16. f4 Nc6 17. Bg4 Nd4 18. Qf2 Ne6 19. g3 h5 20. Bxe6 fxe6 21. Qg2 Nh7 22. Rf2 1/2-1/2